Tribhuvan University Central Library

A correlation study between altitude of teachers towards specification grid of secondary school mathematics and its practices (Record no. 31309)

MARC details
000 -LEADER
fixed length control field 007090000a22002410004500
082 ## - DEWEY DECIMAL CLASSIFICATION NUMBER
Classification number 373.1015
Item number K527c
-- D
041 ## - LANGUAGE CODE
Language code of text/sound track or separate title Eng
100 ## - MAIN ENTRY--PERSONAL NAME
Personal name Kharel, Motilal
245 ## - TITLE STATEMENT
Title A correlation study between altitude of teachers towards specification grid of secondary school mathematics and its practices
260 ## - PUBLICATION, DISTRIBUTION, ETC. (IMPRINT)
Place of publication, distribution, etc Kathmandu, Nepal
260 ## - PUBLICATION, DISTRIBUTION, ETC. (IMPRINT)
Date of publication, distribution, etc 2002
300 ## - PHYSICAL DESCRIPTION
Extent 140p.
500 ## - GENERAL NOTE
General note Bibliography: p. 40-42
518 ## - DATE/TIME AND PLACE OF AN EVENT NOTE
Date/time and place of an event note 20040429
530 ## - ADDITIONAL PHYSICAL FORM AVAILABLE NOTE
Additional physical form available note Dis
502 ## - DISSERTATION NOTE
Dissertation note Dissertation
-- Degree in Education, Tribhuvan University
650 ## - SUBJECT ADDED ENTRY--TOPICAL TERM
Topical term or geographic name as entry element Secondary education
650 ## - SUBJECT ADDED ENTRY--TOPICAL TERM
Topical term or geographic name as entry element Secondary schools
650 ## - SUBJECT ADDED ENTRY--TOPICAL TERM
Topical term or geographic name as entry element Mathematics
650 ## - SUBJECT ADDED ENTRY--TOPICAL TERM
Topical term or geographic name as entry element Secondary school teachers
650 ## - SUBJECT ADDED ENTRY--TOPICAL TERM
Topical term or geographic name as entry element Teaching methods
942 ## - ADDED ENTRY ELEMENTS (KOHA)
Koha item type General Collections
Holdings
Withdrawn status Lost status Damaged status Not for loan Home library Current library Date acquired Total Checkouts Barcode Date last seen Price effective from
        Tribhuvan University Central Library Tribhuvan University Central Library 06/20/2010   D9541 06/20/2010 06/20/2010